Wiz Khalifa Charting Songs (Billboard Hot 100) - Statistics

General Stats
  • This quiz has been taken 48 times
  • The average score is 21 of 35
Answer Stats
Album Weeks On Peak Artist(s) Song % Correct
Furious 7: Original Motion Picture Soundtrack 52 Weeks #1 (12 Weeks) Wiz Khalifa ft. Charlie Puth See You Again
100%
Rolling Papers 25 Weeks #1 (1 Week) Wiz Khalifa Black and Yellow
97%
Overexposed 31 Weeks #2 Maroon 5 ft. Wiz Khalifa Payphone
90%
Mac & Devin Go to High School 32 Weeks #7 Snoop Dogg & Wiz Khalifa ft. Bruno Mars Young, Wild & Free
87%
Non-Album Single 23 Weeks #11 Mike WiLL Made-It ft. Miley Cyrus, Wiz Khalifa & Juicy J 23
81%
Suicide Squad: The Album 22 Weeks #15 Lil Wayne, Wiz Khalifa & Imagine Dragons with Logic & Ty Dolla $ign ft. X Ambassadors Sucker for Pain
77%
Rolling Papers 22 Weeks #13 Wiz Khalifa Roll Up
74%
Blacc Hollywood 20 Weeks #43 Wiz Khalifa We Dem Boyz
74%
Fast & Furious 6 (Original Motion Picture Soundtrack) 7 Weeks #16 2 Chainz & Wiz Khalifa We Own It
68%
O.N.I.F.C. 20 Weeks #17 Wiz Khalifa Work Hard, Play Hard
68%
Back 2 Life 18 Weeks #52 Sean Kingston ft. Chris Brown & Wiz Khalifa Beat It
65%
Rolling Papers 15 Weeks #6 Wiz Khalifa No Sleep
65%
Rolling Papers 9 Weeks #52 Wiz Khalifa ft. Too $hort On My Level
65%
Beach House EP 20 Weeks #48 Ty Dolla $ign ft. Wiz Khalifa & DJ Mustard Or Nah
61%
Blacc Hollywood 10 Weeks #82 Wiz Khalifa ft. Snoop Dogg & Ty Dolla $ign You and Your Friends
61%
Revolver 20 Weeks #10 T-Pain ft. Wiz Khalifa & Lily Allen 5 O'Clock
58%
Khalifa 2 Weeks #56 Wiz Khalifa ft. Travi$ Scott Bake Sale
58%
Rolling Papers II 1 Week #92 Wiz Khalifa ft. Ty Dolla $ign Something New
58%
O.N.I.F.C. 16 Weeks #63 Wiz Khalifa ft. The Weeknd Remember You
55%
#willpower 2 Weeks #96 will.i.am ft. Miley Cyrus, French Montana, Wiz Khalifa & DJ Mustard Feelin' Myself
52%
Rolling Papers II 1 Week #73 Wiz Khalifa ft. Lil Skies Fr Fr
52%
Rolling Papers II 7 Weeks #72 Wiz Khalifa ft. Swae Lee Hopeless Romantic
52%
Teenage Mutant Ninja Turtles Soundtrack 3 Weeks #84 Juicy J, Wiz Khalifa & Ty Dolla $ign ft. Kill The Noise & Madsonik Shell Shocked
52%
Non-Album Single 1 Week #83 Wiz Khalifa ft. Rae Sremmurd Burn Slow
48%
Jesus Piece 12 Weeks #81 Game ft. Chris Brown, Tyga, Wiz Khalifa & Lil Wayne Celebration
48%
O.N.I.F.C. 1 Week #87 Wiz Khalifa ft. Akon Let It Go
48%
Hotel California 12 Weeks #66 Tyga ft. Cedric Gervais, Wiz Khalifa & Mally Mall Molly
48%
Non-Album Single 2 Weeks #37 Kesha ft. Lil Wayne, Wiz Khalifa, T.I. & Andre 3000 Sleazy Remix 2.0 Get Sleazier
48%
Third Power 3 Weeks #95 DJ Drama ft. Fabolous, Roscoe Dash & Wiz Khalifa Oh My
45%
Furious 7: Original Motion Picture Soundtrack 2 Weeks #86 Wiz Khalifa & Iggy Azalea Go Hard or Go Home
42%
Finally Famous 1 Week #98 Big Sean ft. Wiz Khalifa High
42%
Rolling Papers 1 Week #66 Wiz Khalifa The Race
39%
Bobby Tarantino II 1 Week #56 Logic ft. Wiz Khalifa Indica Badu
35%
Disc-Overy 4 Weeks #90 Tinie Tempah ft. Wiz Khalifa Till I'm Gone
35%
Rolling Papers 4 Weeks #57 Wiz Khalifa When I'm Gone
35%
No matching quizzes found
Score Distribution
Percent of People with Each Score
Percentile by Number Answered
Your Score History
You have not taken this quiz